Land vs. Land #80 - Statistiken

Allgemein
  • Dieses Quiz wurde 14 mal gespielt
  • Das Durchschnittsergebnis liegt bei 9 aus 14
Antwortstatistiken
Frage Antwort % Korrekt
...Militär? Togo🇹🇬
100%
...Exportmengen? Togo🇹🇬
100%
...Fläche? Togo🇹🇬
92%
...Einwohner? Togo🇹🇬
92%
...Bruttoinlandsprodukt? Togo🇹🇬
83%
...Lebenserwartung? Palau🇵🇼
75%
...Gesundheitswesen? Palau🇵🇼
67%
...Tourismus? Togo🇹🇬
67%
...Bruttoinlandsprodukt pro Kopf? Palau🇵🇼
58%
...HDI (Human Development Index)? Palau🇵🇼
58%
...durchschnittlicher IQ? Palau🇵🇼
58%
...Gewinner? Togo🇹🇬
50%
...Happy Planet Index? Togo🇹🇬
25%
...Frieden? Togo🇹🇬
0%
Keine übereinstimmenden Quizze gefunden
Verteilung der Resultate
Anzahl Personen mit jedem Resultat
Perzentil nach korrekt beantworteten Fragen
Ihre Resultats-Entwicklung
Sie haben dieses Quiz noch nicht gespielt